000 00980cam a2200265Mi 4500
005 20170710142920.0
008 151027s2014 xxu fr 001 0 eng d
020 _z9780230285231
035 _a(OCoLC)880439522
040 _aCO-BoUCM
_bspa
_cSandra Palacio
_dSandra Palacio
041 0 _aeng
100 1 _aWinter, Stephen
_972924
245 1 0 _aTransitional justice in established democracies
_ba political theory
_cStephen Winter
260 _aNueva York (Estados Unidos)
_bPalgrave Macmillan
_c2014
300 _aviii, 311 páginas
490 0 _aInternational political theory
504 _aIncluye referencias bibliográficas e índices
650 4 _aDelitos políticos
_912599
650 4 _aReparaciones (Derecho internacional)
_923562
650 4 _aDemocracia
_912617
650 4 _aConflictos
_911577
_xAspectos jurídicos
690 _aDerecho internacional
_912776
942 _2DEWEY
_a8
_cLIBRO
_e1
_h340.11
_mW784tr
999 _c301522
_d301522